书目信息 |
| 题名: |
大中专毕业生就业指引
|
|
| 作者: | 谢伟芳 , 管俊贤 主编 | |
| 分册: | ||
| 出版信息: | 武汉 华中科技大学出版社 2006 |
|
| 页数: | 303页 | |
| 开本: | 21cm | |
| 丛书名: | ||
| 单 册: | ||
| 中图分类: | G647.38 , G718.3 | |
| 科图分类: | ||
| 主题词: | 大学生--就业--基本知识 , 专业学校--毕业生--就业--基本知识 , 大学生 , 就业 , 专业学校 , 毕业生 | |
| 电子资源: | ||
| ISBN: | 7-5609-3616-4 | |
| 000 | 01085nam0 2200301 450 | |
| 001 | 1562708199 | |
| 005 | 20150131172604.53 | |
| 010 | @a7-5609-3616-4@dCNY20.00 | |
| 100 | @a20060124d2006 em y0chiy50 ea | |
| 101 | 0 | @achi |
| 102 | @aCN@b420000 | |
| 105 | @ay z 000yy | |
| 200 | 1 | @a大中专毕业生就业指引@Ada zhong zhuan bi ye sheng jiu ye zhi yin@f谢伟芳,管俊贤主编 |
| 210 | @a武汉@c华中科技大学出版社@d2006 | |
| 215 | @a303页@d21cm | |
| 330 | @a本书就职业及职业要求、人才资源开发、树立科学的择业观、职业的自我规划与职业期望、求职技巧等大中专毕业生就业问题进行了论述。全书共十一章,包括就业形势综述,国家基本就业政策,树立正确的心理心态和求职观,职业生涯规划与设计求职资料和工具的准备等。 | |
| 606 | 0 | @a大学生@x就业@x基本知识 |
| 606 | 0 | @a专业学校@x毕业生@x就业@x基本知识 |
| 606 | 0 | @a大学生 |
| 606 | 0 | @a就业 |
| 606 | 0 | @a专业学校 |
| 606 | 0 | @a毕业生 |
| 690 | @aG647.38@v4 | |
| 690 | @aG718.3@v4 | |
| 701 | 0 | @a谢伟芳@Axie wei fang@c(就业指导)@4主编 |
| 701 | 0 | @a管俊贤@Aguan jun xian@4主编 |
| 801 | 0 | @aCN@bNLC@c20101222 |
| 905 | @aZUCC@dG647.38@eJY38 | |
| 大中专毕业生就业指引/谢伟芳,管俊贤主编.-武汉:华中科技大学出版社,2006 |
| 303页;21cm |
| ISBN 7-5609-3616-4:CNY20.00 |
| 本书就职业及职业要求、人才资源开发、树立科学的择业观、职业的自我规划与职业期望、求职技巧等大中专毕业生就业问题进行了论述。全书共十一章,包括就业形势综述,国家基本就业政策,树立正确的心理心态和求职观,职业生涯规划与设计求职资料和工具的准备等。 |
| ● |
| 相关链接 |
|
|
|
|
正题名:大中专毕业生就业指引
索取号:G647.38/JY38
 
预约/预借
| 序号 | 登录号 | 条形码 | 馆藏地/架位号 | 状态 | 备注 |
| 1 | 7851394 | 278513949 | 学院路分馆/ [索取号:G647.38/JY38] | 在馆 | |
| 2 | 7851395 | 278513958 | 学院路分馆/ [索取号:G647.38/JY38] | 在馆 |